La cugina di Valentina /

محفوظ في:
التفاصيل البيبلوغرافية
المؤلف الرئيسي: Petrosino, Angelo (مؤلف)
مؤلفون آخرون: Not, Sara
التنسيق: كتاب
اللغة:الإيطالية
منشور في: Casale Monferrato : Piemme junior, 2001
الطبعة:2. ed
سلاسل:Il battello a vapore. Valentina ; 6
الوسوم: إضافة وسم
لا توجد وسوم, كن أول من يضع وسما على هذه التسجيلة!

MARC

LEADER 00000nam a22000007i 4500
001 IT\ICCU\CAM\0000853
003 ItRI
005 20241209172623.0
008 071129s2001 it |||||| ||||| |||||c
015 |2 IT  |a 8838450250 
040 |b ita  |c CDM 
041 7 |a ita  |2 ISO-639-2 
100 1 |a Petrosino, Angelo  |0 IT\ICCU\RAVV\045218  |4 aut 
240 1 3 |a La cugina di Valentina  |9 Petrosino, Angelo 
245 1 3 |a La cugina di Valentina /  |c Angelo Petrosino ; illustrazioni di Sara Not. 
250 |a 2. ed 
260 |a Casale Monferrato :  |b Piemme junior,  |c 2001 
300 |a 201 p. :  |b ill. ;  |c 19 cm 
700 1 |a Not, Sara  |0 IT\ICCU\RAVV\104107 
830 3 |a Il battello a vapore. Valentina ;  |v 6  |0 IT\ICCU\TO0\0935066 
942 |2 ddc  |c BK 
952 |0 0  |1 0  |2 ddc  |4 0  |6 853_914000000000000_PET_CUG  |7 1  |9 2202  |a RA  |b RA  |d 2024-12-09  |l 0  |o 853.914 PET CUG  |p 9663  |r 2024-12-09 17:35:06  |w 2024-12-09  |y BK  |z Sezione ragazz3 
981 1 |6 z01  |a i   |b xxxe  
982 1 |6 z01  |a n 
999 |c 1935  |d 1935